[Event "Solingen-ch 2019"]
[Site "Solingen"]
[Date "2019.10.04"]
[Round "3.1"]
[White "Kniest, Oliver"]
[Black "Borchert, Stephan"]
[Result "0-1"]
[WhiteElo "2292"]
[BlackElo "2033"]
[PlyCount "104"]
[EventDate "2019.??.??"]
[WhiteTeam "SG Solingen"]
[BlackTeam "SG Solingen"]

1. c4 Nf6 2. Nc3 g6 3. e4 d6 4. d4 Bg7 5. Be2 O-O 6. Bg5 c5 7. d5 Qa5 8. Qd2 a6
9. a4 b5 10. cxb5 axb5 11. Bxb5 Ba6 12. Bxa6 Nxa6 13. Nge2 Rfb8 14. O-O Qb4 15.
f3 Qxb2 16. Qxb2 Rxb2 17. Rab1 Rxb1 18. Rxb1 Nb4 19. Kf2 Kf8 20. Bxf6 Bxf6 21.
Ke1 e6 22. dxe6 fxe6 23. Rd1 Ke7 24. Nb5 d5 25. exd5 Nxd5 26. Rc1 Rxa4 27. Rxc5
Be5 28. Nbc3 Ra1+ 29. Kf2 Nf4 30. Nxf4 Bd4+ 31. Kg3 Bxc5 32. Ne4 Bd6 33. Nxd6
Kxd6 34. h4 e5 35. Nh3 Kd5 36. Ng5 h6 37. Nf7 h5 38. Ng5 Ra4 39. Kh3 Kd4 40.
Nf7 Ra3 41. Kh2 Ra5 42. Nd6 Rd5 43. Ne4 Ke3 44. Kg3 Rd4 45. Nc5 Ke2 46. Ne6 Rd3
47. Nf8 Rd6 48. Nh7 Kf1 49. Kh3 Rd2 50. g4 hxg4+ 51. Kxg4 Rg2+ 52. Kh3 Kf2 0-1

[Event "Solingen-ch 2019"]
[Site "Solingen"]
[Date "2019.10.04"]
[Round "3.2"]
[White "Steinbach, Wolfgang"]
[Black "Zolfagharian, Kevin"]
[Result "0-1"]
[WhiteElo "1983"]
[BlackElo "2257"]
[PlyCount "72"]
[EventDate "2019.??.??"]
[WhiteTeam "SG Solingen"]
[BlackTeam "SG Solingen"]

1. d4 Nf6 2. Nf3 g6 3. c4 Bg7 4. Nc3 d5 5. cxd5 Nxd5 6. Bd2 O-O 7. e4 Nxc3 8.
Bxc3 Bg4 9. Be2 c5 10. d5 e6 11. Bxg7 Kxg7 12. h3 Bxf3 13. Bxf3 exd5 14. Qxd5
Qxd5 15. exd5 Nd7 16. O-O-O Ne5 17. Be2 f5 18. Rd2 f4 19. Bg4 Rad8 20. Be6 Kf6
21. Rhd1 h5 22. h4 Rd6 23. Rc2 b6 24. b4 c4 25. b5 Rfd8 26. Rd4 Rxe6 27. Rxf4+
Ke7 28. Rd2 Rf6 29. Re4 Kd6 30. Kc2 Rdf8 31. f3 Rf4 32. Kc3 Rxe4 33. fxe4 Rf4
34. Kd4 Rxh4 35. Rf2 Nd7 36. Rc2 Nc5 0-1

[Event "Solingen-ch 2019"]
[Site "Solingen"]
[Date "2019.10.04"]
[Round "3.3"]
[White "Görke, Joachim"]
[Black "Speck, Stefan"]
[Result "1-0"]
[WhiteElo "2103"]
[BlackElo "1991"]
[PlyCount "61"]
[EventDate "2019.??.??"]
[WhiteTeam "SG Solingen"]
[BlackTeam "SC Solingen 28"]

1. Nf3 d5 2. d4 Nf6 3. c4 c6 4. Nc3 e6 5. e3 Nbd7 6. Bd3 dxc4 7. Bxc4 b5 8. Bd3
Bb7 9. O-O a6 10. e4 c5 11. d5 c4 12. Bc2 Bc5 13. Bg5 Qb6 14. Qe2 h6 15. Bf4
O-O-O 16. dxe6 Qxe6 17. Rfe1 Ng4 18. Bg3 Rhe8 19. Rad1 Nb6 20. Rxd8+ Rxd8 21.
e5 f5 22. h3 f4 23. hxg4 Qxg4 24. Bh2 Kb8 25. Be4 Rd3 26. Bxb7 Kxb7 27. e6 Nc8
28. Qe4+ Kb6 29. Qxf4 Qxf4 30. Bxf4 Ne7 31. Ne5 1-0

[Event "Solingen-ch 2019"]
[Site "Solingen"]
[Date "2019.10.04"]
[Round "3.4"]
[White "Cakir, Eren"]
[Black "Flesch, Dr. Stefan"]
[Result "0-1"]
[WhiteElo "1689"]
[BlackElo "2058"]
[PlyCount "93"]
[EventDate "2019.??.??"]
[WhiteTeam "Bahn-SC Wuppertal"]
[BlackTeam "SG Solingen"]

1. e4 Nc6 2. d4 d5 3. e5 Bf5 4. Bb5 e6 5. Nf3 Nge7 6. Bg5 h6 7. Bh4 g5 8. Bg3
a6 9. Bd3 Bg7 10. c3 Qd7 11. Na3 Bxd3 12. Qxd3 Nf5 13. Nc2 Nce7 14. Ne3 Qb5 15.
Qxb5+ axb5 16. Nxf5 Nxf5 17. O-O Kd7 18. a3 b6 19. Rfe1 Rhc8 20. h3 c5 21. Rac1
cxd4 22. Nxd4 Nxd4 23. cxd4 Rxc1 24. Rxc1 Ra4 25. Rd1 Rc4 26. Rd3 f5 27. f4
Rc1+ 28. Kh2 Rc2 29. Rb3 Kc6 30. Rc3+ Rxc3 31. bxc3 Bf8 32. fxg5 hxg5 33. Be1
Bxa3 34. Bd2 Be7 35. Kg1 b4 36. cxb4 Kb5 37. g4 fxg4 38. hxg4 Kc4 39. Be3 Kxb4
40. Kf1 Kc3 41. Ke2 Kc2 42. Bd2 b5 43. Ba5 b4 44. Bc7 b3 45. Bd6 Bd8 46. Ba3 b2
47. Bxb2 0-1

[Event "Solingen-ch 2019"]
[Site "Solingen"]
[Date "2019.10.04"]
[Round "3.5"]
[White "Becker, Carsten"]
[Black "Vranidis, Athanassios"]
[Result "1/2-1/2"]
[WhiteElo "1819"]
[BlackElo "1970"]
[PlyCount "35"]
[EventDate "2019.??.??"]
[WhiteTeam "Elberfelder SG"]
[BlackTeam "SG Solingen"]

1. d4 Nf6 2. Nf3 d5 3. g3 e6 4. Bg2 Be7 5. O-O O-O 6. c4 c6 7. Qc2 Nbd7 8. Nbd2
b6 9. e4 dxe4 10. Nxe4 Nxe4 11. Qxe4 Bb7 12. Rd1 Nf6 13. Qe2 Qc7 14. Bf4 Bd6
15. Ne5 Nd7 16. Rac1 Nxe5 17. Bxe5 Rfd8 18. b3 1/2-1/2

[Event "Solingen-ch 2019"]
[Site "Solingen"]
[Date "2019.10.04"]
[Round "3.6"]
[White "Rosenauer, Horst"]
[Black "Skiber, Friedel"]
[Result "1-0"]
[WhiteElo "1966"]
[BlackElo "1735"]
[PlyCount "59"]
[EventDate "2019.??.??"]
[WhiteTeam "Bergische SF"]
[BlackTeam "SG Solingen"]

1. e4 d6 2. d4 Nf6 3. Nc3 g6 4. Be2 Bg7 5. f4 O-O 6. Nf3 c6 7. Be3 b5 8. Bd3
Nbd7 9. O-O Ng4 10. Bd2 e5 11. h3 exd4 12. hxg4 dxc3 13. Bxc3 Qb6+ 14. Kh1 Nf6
15. Nh2 b4 16. Bd2 a5 17. Qf3 Bb7 18. Rae1 c5 19. g5 Nd7 20. c3 Rac8 21. Bc4
Qd8 22. Ng4 h5 23. Ne3 Nb6 24. Bd5 Ba6 25. Rf2 Na4 26. Nd1 bxc3 27. bxc3 Rb8
28. f5 Kh7 29. f6 Bh8 30. g4 1-0

[Event "Solingen-ch 2019"]
[Site "Solingen"]
[Date "2019.10.04"]
[Round "3.7"]
[White "Scheidtmann, Kian"]
[Black "Kushchan, Eduard"]
[Result "0-1"]
[WhiteElo "1297"]
[BlackElo "1944"]
[PlyCount "86"]
[EventDate "2019.??.??"]
[WhiteTeam "SG Solingen"]
[BlackTeam "SG Solingen"]

1. e4 d6 2. d4 Nf6 3. Nc3 g6 4. Be3 Bg7 5. Be2 c6 6. Qd2 Nbd7 7. O-O-O b5 8. f3
Bb7 9. g4 a6 10. g5 Nh5 11. Nh3 Qa5 12. a3 c5 13. Nd5 Qxd2+ 14. Rxd2 Bxd5 15.
exd5 cxd4 16. Bxd4 O-O 17. f4 Bxd4 18. Rxd4 Ng7 19. Bg4 Ra7 20. Nf2 Nb6 21. b3
Rc7 22. Nd3 f6 23. gxf6 Rxf6 24. Rf1 Nf5 25. Bxf5 Rxf5 26. Nb4 a5 27. Nc6 Nxd5
28. Nxa5 Rxc2+ 29. Kxc2 Ne3+ 30. Kd3 Nxf1 31. h4 Nh2 32. Nc6 Kf7 33. Re4 Rd5+
34. Ke2 Rc5 35. Nxe7 Ng4 36. Kd2 Nf6 37. Re3 {(=)} Rc7 38. a4 bxa4 39. bxa4
Rxe7 40. a5 Ra7 41. Ra3 Nd5 42. Ra4 Ke6 43. a6 Nc7 0-1

[Event "Solingen-ch 2019"]
[Site "Solingen"]
[Date "2019.09.27"]
[Round "3.8"]
[White "Büttgenbach, Uwe Eugen"]
[Black "Alexopoulos, Dr. Spiros"]
[Result "0-1"]
[WhiteElo "1583"]
[BlackElo "1926"]
[PlyCount "54"]
[EventDate "2019.??.??"]
[WhiteTeam "Klub Kölner SF"]
[BlackTeam "Aachener SV"]

1. e4 e6 2. d4 d5 3. exd5 exd5 4. Bd3 c6 5. c3 Bd6 6. Be3 Ne7 7. Qc2 Nd7 8. Nd2
Nf6 9. Ngf3 Bd7 10. Ne5 Be6 11. h3 Qc7 12. f4 O-O 13. g4 g6 14. O-O-O Ne4 15.
g5 {(=)} Nf5 16. Nf1 Qa5 17. Kb1 c5 18. Bxe4 cxd4 19. Bxd4 dxe4 20. Qxe4 Bd5
21. Qd3 Qxa2+ 22. Kc1 Qa1+ 23. Kc2 Qa4+ 24. Kc1 Bxh1 25. c4 Nxd4 26. Qxd4 Bxe5
27. Qxe5 Qxc4+ 0-1

[Event "Solingen-ch 2019"]
[Site "Solingen"]
[Date "2019.10.04"]
[Round "3.10"]
[White "Fränzel, Dr. Marius"]
[Black "Helfer, Bernd"]
[Result "1-0"]
[WhiteElo "1760"]
[BlackElo "1717"]
[PlyCount "49"]
[EventDate "2019.??.??"]
[WhiteTeam "SG Solingen"]
[BlackTeam "SC Erkrath"]

1. e4 c5 2. c3 b6 3. d4 Bb7 4. d5 Nf6 5. Bd3 c4 6. Bc2 e6 7. Bg5 d6 8. dxe6
fxe6 9. Nf3 Nbd7 10. O-O Be7 11. Re1 e5 12. Nbd2 b5 13. Nf1 Nc5 14. Ng3 h6 15.
Bxf6 gxf6 16. Nh4 Qc7 17. Qh5+ Kd7 18. Rad1 Ne6 19. Ng6 Rh7 20. Nf5 Nf4 21.
Nxf4 exf4 22. Qg4 Kc6 23. Qxf4 h5 24. Nd4+ Kb6 25. Qf5 1-0

[Event "Solingen-ch 2019"]
[Site "Solingen"]
[Date "2019.09.28"]
[Round "3.11"]
[White "Kondziella, Tim"]
[Black "Kowalzick, Uwe"]
[Result "0-1"]
[WhiteElo "983"]
[BlackElo "1782"]
[PlyCount "61"]
[EventDate "2019.??.??"]
[WhiteTeam "SG Solingen"]
[BlackTeam "Velberter SG"]

1. d4 d5 2. c4 c6 3. Nc3 Nf6 4. e3 g6 5. Nf3 Bg7 6. Bd3 Nbd7 7. O-O O-O 8. Re1
Qc7 9. Qc2 e5 10. cxd5 cxd5 11. Be2 e4 12. Nd2 h5 13. f3 Nb6 14. fxe4 dxe4 15.
Ndxe4 Ng4 16. Bxg4 Bxg4 17. Qf2 Qc6 18. Rf1 Bf5 19. Ng3 Bd3 20. Re1 Rad8 21.
Qf3 Qxf3 22. gxf3 Rfe8 23. Kf2 f5 24. Nge2 Bf6 25. Rg1 Bh4+ 26. Kg2 g5 27. Kh3
Kf7 28. f4 Nc4 29. fxg5 Bf2 30. Rf1 Bxe3 31. Nf4 0-1

[Event "Solingen-ch 2019"]
[Site "Solingen"]
[Date "2019.10.04"]
[Round "3.12"]
[White "Bauer, Matthias"]
[Black "Meckel, Helmut"]
[Result "1/2-1/2"]
[WhiteElo "1645"]
[BlackElo "1857"]
[PlyCount "69"]
[EventDate "2019.??.??"]
[WhiteTeam "SV Günnigfeld"]
[BlackTeam "SG Solingen"]

1. e4 e5 2. Nf3 Nc6 3. Bb5 Nf6 4. d3 Bc5 5. O-O d6 6. h3 Bd7 7. Bg5 h6 8. Be3
Bb6 9. Nc3 Ne7 10. Bxd7+ Qxd7 11. Qe2 g5 12. Bxb6 axb6 13. Nh2 h5 14. Qf3 Qe6
15. Nb5 Kd7 16. d4 c6 17. Rfd1 Ng6 18. d5 cxd5 19. exd5 Qe7 20. Qf5+ Kd8 21.
Nf3 g4 22. Ng5 Nh4 23. Qd3 Rg8 24. Qe3 Ra6 25. Nxd6 Nf3+ 26. gxf3 gxf3 27. Kh1
Rxg5 28. Nxf7+ Qxf7 29. Qxg5 Qe7 30. Rd3 e4 31. Re3 b5 32. Qf4 Qd7 33. Qb8+ Ke7
34. Qe5+ Kd8 35. Qb8+ 1/2-1/2

[Event "Solingen-ch 2019"]
[Site "Solingen"]
[Date "2019.10.04"]
[Round "3.13"]
[White "Schubert, Stefan"]
[Black "Lux, Andreas"]
[Result "0-1"]
[WhiteElo "1572"]
[BlackElo "1787"]
[PlyCount "78"]
[EventDate "2019.??.??"]
[WhiteTeam "SG Solingen"]
[BlackTeam "SG Solingen"]

1. c4 e5 2. Nc3 Nc6 3. g3 Nf6 4. Bg2 Bb4 5. Qb3 Nd4 6. Qa4 O-O 7. e3 Bxc3 8.
bxc3 Ne6 9. Ba3 d6 10. Ne2 Bd7 11. Qc2 Bc6 12. Bxc6 bxc6 13. O-O Qd7 14. e4 Ng5
15. d3 Qh3 16. f3 h5 17. d4 Rfe8 18. Rab1 h4 19. Qd2 Ngxe4 20. fxe4 Nxe4 21.
Qe3 exd4 22. Qd3 dxc3 23. Nf4 Qg4 24. Rbe1 f5 25. Qf3 Qxf3 26. Rxf3 hxg3 27.
hxg3 a5 28. Ng6 Kh7 29. Nh4 Nd2 30. Rxe8 Nxf3+ 31. Nxf3 Rxe8 32. Kf2 Kg6 33.
Nd4 Re4 34. Nxc6 Rxc4 35. Ne7+ Kf6 36. Nd5+ Ke5 37. Ne3 Ra4 38. Nc2 Ke4 39. Ke2
{(=)} g5 0-1

[Event "Solingen-ch 2019"]
[Site "Solingen"]
[Date "2019.10.04"]
[Round "3.14"]
[White "Falk, Thomas"]
[Black "Kaiser, Stephan"]
[Result "1-0"]
[WhiteElo "1558"]
[BlackElo "1717"]
[PlyCount "27"]
[EventDate "2019.??.??"]
[WhiteTeam "Elberfelder SG"]
[BlackTeam "SG Solingen"]

1. d4 d5 2. Bf4 Nf6 3. e3 Bf5 4. Bd3 Bxd3 5. cxd3 e6 6. Nd2 Nc6 7. a3 Be7 8.
Rc1 O-O 9. Ngf3 h6 10. Qb3 Rb8 11. Ne5 Nxe5 12. Bxe5 Bd6 13. O-O b6 14. Rc6 1-0

[Event "Solingen-ch 2019"]
[Site "Solingen"]
[Date "2019.09.23"]
[Round "3.15"]
[White "Fodor, Bernhard"]
[Black "Sereda, Yaroslava"]
[Result "0-1"]
[WhiteElo "1345"]
[BlackElo "1687"]
[PlyCount "100"]
[EventDate "2019.??.??"]
[WhiteTeam "SG Solingen"]
[BlackTeam "SG Solingen"]

1. f4 d5 2. Nf3 c5 3. g3 Nc6 4. Bg2 g6 5. c3 Bg7 6. e3 b6 7. O-O Nf6 8. Ne5 Bb7
9. Qa4 Qc7 10. c4 O-O 11. Nc3 Nxe5 12. fxe5 Qxe5 13. cxd5 Nxd5 14. Qb3 Nxc3 15.
Bxb7 {(=)} Ne2+ 16. Kf2 Nxc1 17. Raxc1 Rab8 18. Ba6 Qxb2 19. Qxb2 Bxb2 20. Rc2
Bg7 21. Rb1 Rfd8 22. Rb3 Rd5 23. d3 Rbd8 24. Ke2 e5 25. e4 {(=)} Rd4 26. Bc4
Kf8 27. Bd5 f5 28. Kf3 Ke7 29. Rcb2 Rf8 30. Kg2 Rc8 31. Ra3 Rc7 32. Rc2 fxe4
33. dxe4 c4 34. Rac3 b5 35. a3 Bh6 36. Rf2 Rd2 37. Rcf3 Rxf2+ 38. Kxf2 c3 39.
Rf7+ Kd6 40. Rf6+ Kc5 41. Bb3 a5 42. Re6 Rd7 43. Rxe5+ Kb6 44. Re6+ Kc7 45. Bd5
Rd6 46. Re7+ Kd8 47. Rxh7 c2 48. Rxh6 c1=Q 49. Rh8+ Kc7 50. Rh7+ Rd7 0-1

[Event "Solingen-ch 2019"]
[Site "Solingen"]
[Date "2019.10.25"]
[Round "4.1"]
[White "Zolfagharian, Kevin"]
[Black "Görke, Joachim"]
[Result "1/2-1/2"]
[WhiteElo "2257"]
[BlackElo "2103"]
[PlyCount "53"]
[EventDate "2019.??.??"]
[WhiteTeam "SG Solingen"]
[BlackTeam "SG Solingen"]

1. e4 e5 2. Nf3 Nc6 3. Bc4 Bc5 4. c3 Nf6 5. d4 exd4 6. e5 d5 7. Be2 Ne4 8. cxd4
Bb4+ 9. Bd2 Nxd2 10. Nbxd2 O-O 11. O-O f6 12. Nb3 Bf5 13. Rc1 Kh8 14. a3 Be7
15. Nc5 Bxc5 16. Rxc5 fxe5 17. dxe5 d4 18. Re1 d3 19. Bf1 Nd4 20. Nxd4 Qxd4 21.
Rc3 Bg4 22. Qd2 Be2 23. Rxe2 dxe2 24. Qxd4 e1=Q 25. Rxc7 Rad8 26. Rf7 Rfe8 27.
Re7 1/2-1/2

[Event "Solingen-ch 2019"]
[Site "Solingen"]
[Date "2019.10.13"]
[Round "4.2"]
[White "Borchert, Stephan"]
[Black "Flesch, Dr. Stefan"]
[Result "1-0"]
[WhiteElo "2033"]
[BlackElo "2058"]
[PlyCount "75"]
[EventDate "2019.??.??"]
[WhiteTeam "SG Solingen"]
[BlackTeam "SG Solingen"]

1. e4 Nc6 2. d4 d5 3. e5 Bf5 4. Ne2 e6 5. Ng3 Bg6 6. h4 h5 7. Be2 Be7 8. Nxh5
Bxh5 9. Bxh5 g6 10. Bf3 Rxh4 11. Rxh4 Bxh4 12. c4 dxc4 13. Be3 Be7 14. Qa4 Qd7
15. Qxc4 Bb4+ 16. Nc3 Nge7 17. O-O-O Bxc3 18. bxc3 O-O-O 19. Rh1 Nd5 20. Bg5
Rg8 21. Rh7 Na5 22. Qc5 b6 23. Qa3 Kb8 24. Qb2 Nc4 25. Qc2 b5 26. Be4 Qe8 27.
Qb3 Ncb6 28. Bxd5 exd5 29. Qb4 Rh8 30. Qe7 Qc8 31. Rxf7 Re8 32. Qc5 a6 33. Bf4
Na4 34. Qc6 Re6 35. Qxd5 Nxc3 36. Qf3 Qe8 37. Bd2 Qc6 38. Qxc3 1-0

[Event "Solingen-ch 2019"]
[Site "Solingen"]
[Date "2019.10.25"]
[Round "4.3"]
[White "Kushchan, Eduard"]
[Black "Kniest, Oliver"]
[Result "1/2-1/2"]
[WhiteElo "1944"]
[BlackElo "2292"]
[PlyCount "100"]
[EventDate "2019.??.??"]
[WhiteTeam "SG Solingen"]
[BlackTeam "SG Solingen"]

1. d4 f5 2. Nc3 Nf6 3. Bg5 d5 4. Bxf6 exf6 5. e3 Be6 6. Bd3 Qd7 7. Qf3 Nc6 8.
Nge2 Nb4 9. Nf4 Nxd3+ 10. cxd3 c6 11. Nxe6 Qxe6 12. O-O O-O-O 13. Rab1 Bd6 14.
b4 g5 15. b5 Rd7 16. bxc6 bxc6 17. Rfc1 Rb7 18. Rxb7 Kxb7 19. e4 Re8 20. Qxf5
Qxf5 21. exf5 Ba3 22. Rb1+ Kc7 23. Kf1 a5 24. g3 g4 25. Ne2 Rb8 26. Rxb8 Kxb8
27. Nf4 Bb2 28. Ne6 a4 29. f3 gxf3 30. Kf2 Ka7 31. g4 h6 32. h4 Ba3 33. g5 fxg5
34. f6 gxh4 35. Kxf3 Bd6 36. f7 Kb6 37. f8=Q Bxf8 38. Nxf8 a3 39. Nd7+ Kb5 40.
Ne5 Kb4 41. Ke3 Kc3 42. Nxc6 h3 43. Kf2 Kxd3 44. Kg3 Kc3 45. Kxh3 Kb2 46. Nb4
Kc3 47. Nxd5+ Kxd4 48. Nb4 Kc3 49. Nd5+ Kb2 50. Nb4 Kc3 1/2-1/2

[Event "Solingen-ch 2019"]
[Site "Solingen"]
[Date "2019.10.25"]
[Round "4.4"]
[White "Speck, Stefan"]
[Black "Boschek, Dr. Hans-Joachim"]
[Result "1/2-1/2"]
[WhiteElo "1991"]
[BlackElo "1916"]
[PlyCount "93"]
[EventDate "2019.??.??"]
[WhiteTeam "SC Solingen 28"]
[BlackTeam "SG Solingen"]

1. e4 c5 2. Nf3 e6 3. d4 cxd4 4. Nxd4 Nf6 5. Nc3 Nc6 6. Be3 Bb4 7. Bd3 d5 8.
Nxc6 bxc6 9. e5 Nd7 10. Qg4 Qa5 11. O-O Bf8 12. f4 Ba6 13. b4 Qxb4 14. Nxd5
cxd5 15. Bxa6 Bc5 16. Bxc5 Nxc5 17. Qxg7 Rf8 18. Bd3 Nxd3 19. cxd3 Rc8 20. Qxh7
Rc2 21. Rac1 Qc5+ 22. d4 Qxd4+ 23. Kh1 Rxc1 24. Rxc1 Qxf4 25. Qc2 Qxe5 26. h3
Qd6 {(=)} 27. Qa4+ Ke7 28. Qxa7+ Kf6 29. Rf1+ Kg6 30. Qd4 f5 31. g4 f4 32. Qd3+
Kg7 33. Rd1 Rd8 34. Rb1 Rd7 35. h4 Qe5 36. Kg2 Qe4+ 37. Qxe4 dxe4 38. Rb4 Rd2+
39. Kf1 Kf6 40. Rxe4 e5 41. Re2 Rd3 42. a4 Ra3 43. Re4 Ra1+ 44. Kf2 Ra2+ 45.
Kf3 Ra3+ 46. Kf2 Ra2+ 47. Kf3 1/2-1/2

[Event "Solingen-ch 2019"]
[Site "Solingen"]
[Date "2019.10.25"]
[Round "4.5"]
[White "Alexopoulos, Dr. Spiros"]
[Black "Steinbach, Wolfgang"]
[Result "0-1"]
[WhiteElo "1926"]
[BlackElo "1983"]
[PlyCount "50"]
[EventDate "2019.??.??"]
[WhiteTeam "Aachener SV"]
[BlackTeam "SG Solingen"]

1. e4 Nc6 2. Nf3 f5 3. e5 d6 4. d4 dxe5 5. dxe5 Qxd1+ 6. Kxd1 Be6 7. c3 O-O-O+
8. Kc2 Bd5 9. Nbd2 e6 10. b4 Nh6 11. b5 Nb8 12. c4 Bxf3 13. gxf3 Bc5 14. Nb3
Bxf2 15. Bg5 Rde8 16. h4 Nf7 17. Bf4 Nd7 18. Rh2 {(=)} Bxh4 19. Rxh4 g5 20.
Bxg5 Nxg5 21. f4 Ne4 22. Rh6 Nf8 23. Bg2 Nf2 24. Rf6 Ng4 25. Rf7 Ne3+ 0-1

[Event "Solingen-ch 2019"]
[Site "Solingen"]
[Date "2019.10.25"]
[Round "4.6"]
[White "Becker, Carsten"]
[Black "Rosenauer, Horst"]
[Result "1-0"]
[WhiteElo "1819"]
[BlackElo "1966"]
[PlyCount "57"]
[EventDate "2019.??.??"]
[WhiteTeam "Elberfelder SG"]
[BlackTeam "Bergische SF"]

1. Nf3 Nf6 2. g3 b6 3. Bg2 Bb7 4. c4 c5 5. O-O g6 6. Nc3 Bg7 7. d3 O-O 8. e3 d5
9. cxd5 Nxd5 10. Nxd5 Qxd5 11. Qa4 Qh5 12. g4 b5 13. Qxb5 Qd5 14. Nh4 Bc6 15.
Bxd5 Bxb5 16. Bxa8 Bxd3 17. Rd1 c4 18. Bf3 Na6 19. Ng2 Bc2 20. Rd7 Bf6 21. Ne1
Ba4 22. Rxa7 Nc5 23. Ra8 Rxa8 24. Bxa8 Bd7 25. Bf3 c3 26. b4 c2 27. Nxc2 Bxa1
28. Nxa1 Nd3 29. Ba3 1-0

[Event "Solingen-ch 2019"]
[Site "Solingen"]
[Date "2019.10.25"]
[Round "4.7"]
[White "Vranidis, Athanassios"]
[Black "Fränzel, Dr. Marius"]
[Result "1/2-1/2"]
[WhiteElo "1970"]
[BlackElo "1760"]
[PlyCount "32"]
[EventDate "2019.??.??"]
[WhiteTeam "SG Solingen"]
[BlackTeam "SG Solingen"]

1. d4 d5 2. c4 c6 3. Nf3 Nf6 4. Nc3 dxc4 5. a4 Bf5 6. Ne5 e6 7. Nxc4 Nbd7 8. g3
Bb4 9. Bg2 Nb6 10. Ne5 Ne4 11. Bd2 Qxd4 12. Nxe4 Bxe4 13. Bxe4 Bxd2+ 14. Qxd2
Qxe4 15. Nf3 Rd8 16. Qf4 Qxf4 1/2-1/2

[Event "Solingen-ch 2019"]
[Site "Solingen"]
[Date "2019.10.25"]
[Round "4.8"]
[White "Kowalzick, Uwe"]
[Black "Cakir, Eren"]
[Result "0-1"]
[WhiteElo "1782"]
[BlackElo "1689"]
[PlyCount "108"]
[EventDate "2019.??.??"]
[WhiteTeam "Velberter SG"]
[BlackTeam "Bahn-SC Wuppertal"]

1. d4 Nf6 2. c4 e6 3. Nc3 Bb4 4. Bg5 c5 5. d5 Bxc3+ 6. bxc3 h6 7. Bxf6 Qxf6 8.
Qd3 O-O 9. Nf3 d6 10. Rd1 e5 11. e4 Qe7 12. Be2 f5 13. O-O f4 14. h3 g5 15. Nh2
Qf7 16. Rb1 Na6 17. Qd1 Nc7 18. Bh5 Qh7 19. Qf3 b6 20. Rfe1 Ba6 21. Qd3 Ne8 22.
a4 Nf6 23. Bf3 h5 24. a5 bxa5 25. Ra1 Bc8 26. Rxa5 g4 27. Bd1 Rf7 28. Ba4 Rg7
29. Kf1 gxh3 30. gxh3 Qg6 31. Ke2 Qxe4+ 32. Qxe4 Nxe4 33. Bc6 Rb8 34. Bb5 Nxc3+
35. Kd3 Nxb5 36. cxb5 Bxh3 37. Nf3 Bg2 38. Ke4 h4 39. Ra3 h3 40. Kf5 Rxb5 41.
Nh2 Rb2 42. Ke6 Rxf2 43. Kxd6 Bxd5 44. Rxh3 Rd2 45. Kxc5 Bg2 46. Nf3 Rc2+ 47.
Kd6 Bxh3 48. Nxe5 Rd2+ 49. Kc6 Re7 50. Rg1+ Rg2 51. Re1 Rg5 52. Kd6 Re6+ 53.
Kd5 Rexe5+ 54. Rxe5 Rxe5+ 0-1

[Event "Solingen-ch 2019"]
[Site "Solingen"]
[Date "2019.10.25"]
[Round "4.9"]
[White "Meckel, Helmut"]
[Black "Falk, Thomas"]
[Result "1-0"]
[WhiteElo "1857"]
[BlackElo "1558"]
[PlyCount "35"]
[EventDate "2019.??.??"]
[WhiteTeam "SG Solingen"]
[BlackTeam "Elberfelder SG"]

1. b4 d5 2. Nf3 Nf6 3. Bb2 e6 4. b5 c5 5. c4 d4 6. e3 dxe3 7. fxe3 b6 8. a4 Bb7
9. Be2 Nbd7 10. O-O Bd6 11. Qe1 Qc7 12. Qh4 O-O-O 13. a5 h6 14. axb6 axb6 15.
Qe1 Bxf3 16. Bxf3 Bxh2+ 17. Kh1 Be5 18. Ra8+ 1-0

[Event "Solingen-ch 2019"]
[Site "Solingen"]
[Date "2019.10.25"]
[Round "4.10"]
[White "Lux, Andreas"]
[Black "Scheidtmann, Kian"]
[Result "1-0"]
[WhiteElo "1787"]
[BlackElo "1297"]
[PlyCount "67"]
[EventDate "2019.??.??"]
[WhiteTeam "SG Solingen"]
[BlackTeam "SG Solingen"]

1. d4 Nf6 2. Nf3 g6 3. Nc3 Bg7 4. e4 d6 5. h3 O-O 6. Be3 b6 7. Qd2 Bb7 8. e5
dxe5 9. Nxe5 Nc6 10. f4 Nd5 11. Nxd5 Nxe5 12. Nxe7+ Qxe7 13. fxe5 Qh4+ 14. Qf2
Qxf2+ 15. Kxf2 Rae8 16. Bc4 h6 17. Rhf1 Kh7 18. Rae1 Bc8 19. Kg1 Be6 20. Bxe6
Rxe6 21. Bd2 a5 22. Rf3 Rd8 23. Rxf7 Rxd4 24. Bc3 Rc4 25. Rd1 Kg8 26. Rdd7 Bf8
27. Rxc7 Rc5 28. Rfd7 b5 29. Bxa5 Rcxe5 30. Rc8 Re7 31. Rxe7 Rxe7 32. Bb4 Rf7
33. Bxf8 Rxf8 34. Rxf8+ 1-0

[Event "Solingen-ch 2019"]
[Site "Solingen"]
[Date "2019.10.25"]
[Round "4.11"]
[White "Skiber, Friedel"]
[Black "Kondziella, Tim"]
[Result "1-0"]
[WhiteElo "1735"]
[BlackElo "983"]
[PlyCount "59"]
[EventDate "2019.??.??"]
[WhiteTeam "SG Solingen"]
[BlackTeam "SG Solingen"]

1. e4 e5 2. Bc4 Nc6 3. Nc3 Nf6 4. d3 Bc5 5. Na4 Be7 6. a3 d6 7. f4 Bg4 8. Nf3
a6 9. Nc3 exf4 10. d4 Bxf3 11. Qxf3 Nxd4 12. Qd3 Ne6 13. Qf3 Qd7 14. Bxf4 O-O-O
15. O-O-O Qc6 16. Bd5 Qd7 17. Bc4 Nxf4 18. Qxf4 Qg4 19. Qe3 d5 20. Be2 Qg6 21.
Qa7 c5 22. exd5 Nd7 23. d6 Bxd6 24. Bf3 Bf4+ 25. Kb1 Qb6 26. Qa8+ Nb8 27. Nd5
Rxd5 28. Rxd5 Kc7 29. Rhd1 Bd6 30. Rxd6 1-0

[Event "Solingen-ch 2019"]
[Site "Solingen"]
[Date "2019.10.25"]
[Round "4.13"]
[White "Helfer, Bernd"]
[Black "Bauer, Matthias"]
[Result "1-0"]
[WhiteElo "1717"]
[BlackElo "1645"]
[PlyCount "91"]
[EventDate "2019.??.??"]
[WhiteTeam "SC Erkrath"]
[BlackTeam "SV Günnigfeld"]

1. Nf3 g6 2. g3 Bg7 3. Bg2 c6 4. O-O d5 5. d3 Nf6 6. Nbd2 O-O 7. c4 dxc4 8.
Nxc4 Nbd7 9. Qc2 Nh5 10. Rb1 Nb6 11. Nxb6 axb6 12. a3 Bf5 13. h3 Bd7 14. Bd2
Qc8 15. Kh2 Nf6 16. Bc3 b5 17. e4 Ra4 18. Bb4 Re8 19. Rbc1 Bh6 20. Rcd1 Nh5 21.
Ne5 Be6 22. f4 f6 23. Nf3 Nxf4 24. gxf4 Bxf4+ 25. Kg1 Bxh3 26. Bxh3 Qxh3 27.
Qg2 Be3+ 28. Rf2 Qxg2+ 29. Kxg2 Bxf2 30. Kxf2 e5 31. d4 Raa8 32. dxe5 fxe5 33.
Rd7 b6 34. Be7 Ra4 35. Ke3 c5 36. Nxe5 Rd4 37. Rb7 Rd1 38. Bf6 Rxe5 39. Bxe5
Re1+ 40. Kf4 Rf1+ 41. Kg5 Re1 42. Kf6 Rf1+ 43. Ke6 h5 44. Rg7+ Kf8 45. Rxg6 Re1
46. Bd6+ 1-0

[Event "Solingen-ch 2019"]
[Site "Solingen"]
[Date "2019.10.25"]
[Round "4.14"]
[White "Kaiser, Stephan"]
[Black "Schubert, Stefan"]
[Result "1-0"]
[WhiteElo "1717"]
[BlackElo "1572"]
[PlyCount "95"]
[EventDate "2019.??.??"]
[WhiteTeam "SG Solingen"]
[BlackTeam "SG Solingen"]

1. d4 g6 2. Nf3 Bg7 3. Bf4 Nf6 4. h3 O-O 5. e3 d6 6. Bd3 c5 7. c3 Qb6 8. b3
Nbd7 9. Nbd2 Nd5 10. Rc1 Nxf4 11. exf4 e6 12. Nc4 Qc7 13. O-O Nf6 14. Re1 Nd5
15. g3 b5 16. Ne3 Nxe3 17. fxe3 c4 18. Bf1 e5 19. Nd2 Ba6 20. Bg2 Rac8 21. Ne4
h6 22. fxe5 dxe5 23. Nc5 Qd6 24. Nxa6 Qxa6 25. Rc2 Rcd8 26. Qe2 Rfe8 27. Qf2 e4
28. Bf1 Qe6 29. bxc4 bxc4 30. Rb2 Rb8 31. Reb1 Rxb2 32. Rxb2 Rc8 33. Kh2 f5 34.
Rb4 Qd5 35. Qe2 Kf8 36. Rxc4 Rxc4 37. Qxc4 Qxc4 38. Bxc4 Ke7 39. Bg8 a5 40. c4
Kd7 41. Bh7 Ke7 42. Bxg6 Kf6 43. c5 Ke6 44. Kg2 Bf6 45. c6 Kd6 46. Bxf5 Kxc6
47. Bxe4+ Kd6 48. Kf3 1-0

[Event "Solingen-ch 2019"]
[Site "Solingen"]
[Date "2019.11.08"]
[Round "5.1"]
[White "Görke, Joachim"]
[Black "Borchert, Stephan"]
[Result "1-0"]
[WhiteElo "2103"]
[BlackElo "2033"]
[PlyCount "65"]
[EventDate "2019.??.??"]
[WhiteTeam "SG Solingen"]
[BlackTeam "SG Solingen"]

1. e4 e5 2. Nf3 Nc6 3. Bc4 Nf6 4. d3 Be7 5. Nc3 d6 6. a3 Nd4 7. Nxd4 exd4 8.
Ne2 c5 9. Bg5 Nd7 10. Bxe7 Qxe7 11. Bb5 O-O 12. Bxd7 Bxd7 13. O-O f5 14. f3
fxe4 15. dxe4 Rae8 16. c4 Qf7 17. Qd3 a6 18. a4 Re6 19. b4 Rh6 20. f4 Qe8 21.
bxc5 dxc5 22. a5 Bc6 23. e5 Qh5 24. h3 Qe8 25. Rae1 Qc8 26. f5 Qc7 27. Nf4 Qxa5
28. Nd5 Re8 29. e6 Kh8 30. g4 b5 31. Qf3 bxc4 32. g5 Rh4 33. f6 1-0